[Event "Rasht Father Cup Blitz 2nd"]
[Site "Rasht"]
[Date "2023.12.07"]
[Round "11"]
[White "Salimiyan, Behzad"]
[Black "Mosadeghpour, Masoud"]
[Result "0-1"]
[WhiteElo "2111"]
[BlackElo "2473"]
[PlyCount "91"]
[EventDate "2023.12.07"]
[EventType "swiss (blitz)"]
[EventRounds "13"]
[EventCountry "IRI"]
[SourceTitle "CB50_2023"]
[SourceDate "2023.12.13"]
[SourceVersion "1"]
[SourceVersionDate "2023.12.13"]
[SourceQuality "1"]

1. d4 Nf6 2. Nf3 g6 3. Nc3 d5 4. Bf4 Bg7 5. Nb5 Na6 6. e3 0-0 7. h3 c5 8. c3 Qb6 9. a4 c4 10. Be2 Bd7 11. b3 Rfc8 12. bxc4 dxc4 13. Rb1 Bf5 14. Rb2 Nd5 15. Qd2 Nxf4 16. exf4 Qa5 17. 0-0 Qxa4 18. Ne5 Be4 19. f3 Bd5 20. Rfb1 Qa5 21. Ra2 Qd8 22. Ra4 Be6 23. Bxc4 Bxc4 24. Rxc4 Bxe5 25. Rxc8 Bxd4+ 26. Qxd4 Rxc8 27. Nxa7 Qxd4+ 28. cxd4 Rc7 29. Nb5 Rc4 30. Kf2 Rc2+ 31. Kg3 h5 32. h4 Kg7 33. Na7 Rc7 34. Nb5 Rc4 35. Na7 Nb4 36. Nb5 Nd5 37. Rb3 b6 38. Rb1 Rc2 39. Rb3 Rd2 40. Ra3 e6 41. Rb3 Ne7 42. Kh3 Nf5 43. g4 Ne7 44. Kg3 Nd5 45. Ra3 Nf6 46. Ra7 0-1

[Event "Eastern Asia-ch U10"]
[Site "Tornelo INT"]
[Date "2021.10.29"]
[Round "3"]
[White "Moazzen, Amirali"]
[Black "Salimiyan, Behzad"]
[Result "0-1"]
[WhiteElo "1116"]
[BlackElo "1524"]
[PlyCount "92"]
[EventDate "2021.10.29"]
[EventType "swiss"]
[EventRounds "9"]
[EventCountry "NET"]
[SourceTitle "EXT 2023"]
[Source "ChessBase"]
[SourceDate "2022.10.05"]
[SourceVersion "1"]
[SourceVersionDate "2022.10.05"]
[SourceQuality "1"]

1. e4 e5 2. Nf3 Nf6 3. d4 Nxe4 4. dxe5 Bc5 5. Nd4 Nc6 6. Be3 Nxe5 7. Nd2 Nxd2 8. Qxd2 0-0 9. 0-0-0 d6 10. Be2 Bg4 11. f3 Bh5 12. Nf5 Bxe3 13. Qxe3 Bg6 14. Ng3 Re8 15. Qf2 h6 16. f4 Nd7 17. f5 Bh7 18. Rhf1 Nf6 19. Bd3 Qd7 20. h3 c6 21. Qf4 d5 22. Qh4 Re3 23. Nh5 Nxh5 24. Qxh5 Rae8 25. f6 Bxd3 26. cxd3 Qd6 27. fxg7 Qg6 28. Qh4 Qg5 29. Qxg5 hxg5 30. Rf5 Rg3 31. Rdf1 Re7 32. R1f2 Kxg7 33. Kc2 f6 34. Kc3 Re6 35. a4 Kg6 36. a5 Rxg2 37. Rf1 Rg1 38. Kd4 Rxf1 39. Rxf1 Re2 40. b4 Rh2 41. Rb1 Rxh3 42. Rb3 b6 43. b5 Rh4+ 44. Kc3 c5 45. axb6 axb6 46. Ra3 Rb4 0-1

[Event "Eastern Asia-ch U10"]
[Site "Tornelo INT"]
[Date "2021.10.29"]
[Round "2"]
[White "Salimiyan, Behzad"]
[Black "Aman, George Thomas"]
[Result "1/2-1/2"]
[WhiteElo "1524"]
[BlackElo "1127"]
[PlyCount "114"]
[EventDate "2021.10.29"]
[EventType "swiss"]
[EventRounds "9"]
[EventCountry "NET"]
[SourceTitle "EXT 2023"]
[Source "ChessBase"]
[SourceDate "2022.10.05"]
[SourceVersion "1"]
[SourceVersionDate "2022.10.05"]
[SourceQuality "1"]

1. d4 d5 2. Bf4 Nf6 3. e3 c5 4. c3 Nc6 5. Nd2 e6 6. Bd3 Bd6 7. Bg3 Bxg3 8. hxg3 cxd4 9. exd4 h6 10. Ngf3 Qb6 11. Qb3 Qxb3 12. axb3 0-0 13. b4 Nd7 14. Nb3 e5 15. dxe5 Ncxe5 16. Nxe5 Nxe5 17. Be2 Re8 18. 0-0-0 Be6 19. Nc5 b6 20. Nxe6 fxe6 21. Rhe1 a6 22. f4 Nd7 23. Bg4 Nf8 24. Re5 Rad8 25. Rde1 Kf7 26. Kc2 g6 27. Ra1 Nd7 28. Re2 Nb8 29. Rae1 Rd6 30. f5 e5 31. fxg6+ Kxg6 32. Rxe5 Rxe5 33. Rxe5 Nc6 34. Re6+ Rxe6 35. Bxe6 d4 36. Kd3 dxc3 37. bxc3 Kg5 38. Kc4 Kf6 39. Bc8 Nb8 40. Bxa6 Nxa6 41. Kb5 Nc7+ 42. Kc6 Ne6 43. Kxb6 Ke5 44. Kc6 h5 45. c4 Kd4 46. c5 Kc4 47. Kd6 Nd4 48. c6 Kxb4 49. c7 Nb5+ 50. Kd7 Nxc7 51. Kxc7 Kc5 52. Kd7 Kd5 53. Ke7 Ke5 54. Kf7 Kf5 55. Kg7 Kg4 56. Kg6 Kxg3 57. Kxh5 Kxg2 1/2-1/2

[Event "IRI-ch U10"]
[Site "Chess.com INT"]
[Date "2021.01.16"]
[Round "3"]
[White "Salimiyan, Behzad"]
[Black "Gholinezhad, Eilia"]
[Result "1-0"]
[WhiteElo "1503"]
[BlackElo "1058"]
[PlyCount "69"]
[EventDate "2021.01.16"]
[EventType "swiss"]
[EventRounds "11"]
[EventCountry "IRI"]
[SourceTitle "EXT 2022"]
[Source "ChessBase"]
[SourceDate "2021.10.06"]
[SourceVersion "1"]
[SourceVersionDate "2021.10.06"]
[SourceQuality "1"]

1. d3 d5 2. Nf3 c5 3. e4 e6 4. exd5 exd5 5. Be2 Nf6 6. 0-0 Bd6 7. d4 c4 8. Ne5 0-0 9. b3 b5 10. a4 cxb3 11. Bxb5 bxc2 12. Qxc2 Ba6 13. Be3 Bxb5 14. axb5 Nbd7 15. Nxd7 Qxd7 16. Nc3 Rfc8 17. Qb3 h6 18. h3 Rc7 19. Kh1 Rac8 20. Nxd5 Nxd5 21. Qxd5 Rb7 22. Rab1 Qe7 23. Rfe1 Re8 24. Bd2 Qd7 25. Rxe8+ Qxe8 26. Qxb7 Qe4 27. Qxe4 Bf8 28. Qe8 Kh7 29. Qxf8 a5 30. Bc3 f6 31. d5 a4 32. Bxf6 Kg6 33. Qxg7+ Kf5 34. Rb4 h5 35. Qg5# 1-0